15 najbardziej dotkniętych krajów Covid-19 - 11 grudnia - Statystyki

Ogólne statystyki
  • Ten quiz został rozwiązany 47 razy
  • Średni wynik to 12 z 27
Statystyki odpowiedzi
kraj % Poprawnych
Polska
95%
Niemcy
90%
Stany Zjednoczone
90%
Włochy
83%
Francja
80%
Rosja
80%
Hiszpania
76%
Brazylia
73%
Indie
66%
Wielka Brytania
61%
Argentyna
56%
Meksyk
54%
Turcja
49%
Czechy
39%
Kolumbia
39%
Belgia
34%
Iran
32%
Austria
27%
Chorwacja
15%
Słowenia
15%
Szwajcaria
15%
Gruzja
10%
Katar
10%
Bahrajn
7%
Izrael
7%
Panama
7%
Armenia
5%
Nie znaleziono quizów pasujących do podanych kryteriów
Rozkład punktacji
Procent ludzi z każdym wynikiem
Percentyl według liczby udzielonych odpowiedzi
Twoja historia wyników
Nie rozwiązałeś tego quizu